Didaktika základní školy

Gespeichert in:
Bibliographische Detailangaben
Format: Buch
Sprache:Tschechisch
Veröffentlicht: Praha Státní pedagogické nakladatelství 1987
Ausgabe:2. uprav. vyd.
Schriftenreihe:Učebnice pro vysoké školy
Tags: Tag hinzufügen
Keine Tags, Fügen Sie das erste Tag hinzu!

MARC

LEADER 00000nam a2200000 4500
001 c034454
005 20250711080454.1
041 0 |a cze 
044 |a CZ 
245 1 0 |a Didaktika základní školy  |c Miroslav Kořínek 
250 |a 2. uprav. vyd. 
264 1 |a Praha  |b Státní pedagogické nakladatelství  |c 1987 
300 |a 173 s. 
490 1 |a Učebnice pro vysoké školy 
830 0 |a Učebnice pro vysoké školy